Helen /

Helen is a troubled teenager who, when asked by the police to be a stand-in for a crime scene reconstruction, is given the chance to confront the ghosts of her own past.

Bibliographic Details
Other Authors: Lawlor, Joe, 1963- (Director, Producer), Molloy, Christine (Director, Producer)
Format: Video
Language:English
Language Notes:In English.
Published: New York, NY : Visit Films, 2008.
Series:Academic Video Online
Subjects:
Online Access:Connect to this streaming video (Alexander Street Press)

MARC

Tag First Indicator Second Indicator Subfields
LEADER 00000cgm a2200000Mi 4500
001 in00005552012
006 m o c
007 cr |n||||||||a
007 vz |za|z|
008 190711s2008 nyu076 e o vueng d
005 20241201231217.3
035 |a (OCoLC)on1119612186 
040 |a ALSTP  |b eng  |e rda  |c ALSTP  |d OCLCF  |d OCLCO  |d OCLCA  |d OCLCQ  |d OCLCL  |d OCLCQ  |d HOPLA  |d OCLKB  |d FWR 
019 |a 1373106010  |a 1424685755  |a 1439885603 
035 |a (OCoLC)1119612186  |z (OCoLC)1373106010  |z (OCoLC)1424685755  |z (OCoLC)1439885603 
082 0 4 |a 791.43/72  |q OCoLC  |2 22/eng/20230216 
049 |a TXAM 
245 0 0 |a Helen /  |c Arts Council England [and others] present ; a Desperate Optimists production ; a film by Christine Molloy and Joe Lawlor ; written, directed and produced by Christine Molloy and Joe Lawlor. 
264 1 |a New York, NY :  |b Visit Films,  |c 2008. 
300 |a 1 online resource (76 minutes) 
306 |a 011539 
336 |a two-dimensional moving image  |b tdi  |2 rdacontent 
337 |a computer  |b c  |2 rdamedia 
337 |a video  |b v  |2 rdamedia 
338 |a online resource  |b cr  |2 rdacarrier 
344 |a digital  |2 rdatr 
347 |a video file  |2 rda 
490 0 |a Academic Video Online 
500 |a Title from resource description page (viewed July 11, 2019). 
511 1 |a Annie Townsend, Daniel Groenland, Sonia Saville, Sandie Malia, Dennis Jobling, Sheila Hamilton, Betty Ashe. 
520 |a Helen is a troubled teenager who, when asked by the police to be a stand-in for a crime scene reconstruction, is given the chance to confront the ghosts of her own past. 
546 |a In English. 
586 |a Won 2009 Angers European First Film Festival European Jury Award, Best Actress 
586 |a Won 2009 Angers European First Film Festival European Jury Award, Grand Jury Prize 
586 |a Won 2009 Durban International Film Festival, Best Cinematography 
586 |a Nominated 2010 Evening Standard British Film Awards, Best Film 
586 |a Nominated 2008 Torino Film Festival Prize of the City of Torino, Best Feature Film 
508 |a Directed by Christine Molloy. 
650 0 |a Missing persons  |v Drama. 
650 0 |a Teenage girls  |v Drama. 
650 7 |a Missing persons.  |2 fast  |0 (OCoLC)fst01023702 
650 7 |a Teenage girls.  |2 fast  |0 (OCoLC)fst01145412 
655 7 |a Drama.  |2 fast  |0 (OCoLC)fst01423879 
655 7 |a Feature films.  |2 fast  |0 (OCoLC)fst01710384 
655 7 |a Fiction films.  |2 fast  |0 (OCoLC)fst01710264 
655 7 |a Fiction films.  |2 lcgft 
655 7 |a Feature films.  |2 lcgft 
655 7 |a Films de fiction.  |2 rvmgf 
700 1 |a Lawlor, Joe,  |d 1963-  |e director,  |e producer. 
700 1 |a Molloy, Christine,  |e director,  |e producer. 
710 2 |a Visit Films,  |e publisher. 
710 2 |a Desperate Optimists (Artists' group),  |e production company. 
710 2 |a Monument Releasing (Firm),  |e film distributor. 
758 |i has work:  |a Helen (MovingImage)  |1 https://id.oclc.org/worldcat/entity/E39PCGrbCJVMpB6qMRypwbcmJP  |4 https://id.oclc.org/worldcat/ontology/hasWork 
856 4 0 |u http://proxy.library.tamu.edu/login?url=https://www.aspresolver.com/aspresolver.asp?MARC;4087139  |z Connect to this streaming video (Alexander Street Press)  |t 0 
955 |a Alexander Street Press subscription streaming video 
994 |a 92  |b TXA 
999 f f |s eeed1027-c863-473d-b954-6c6ce31855d6  |i 2e344b0d-c83b-4481-a764-3bca3d4659dc  |t 0 
952 f f |a Texas A&M University  |b College Station  |c Electronic Resources  |d Available Online  |t 0  |h Library of Congress classification 
998 f f |t 0  |l Available Online